00754nam a22001577a 4500008004100000040005500041080002300096245008900119260006700208500007200275650001700347653001100364942001300375999001700388952019100405230612b |||||||| |||| 00| 0 eng d aNational Science LibrarycNational Science Library aR 63(084.4) bK9.2 aWorld atlas of agriculture c/ International Association of Agricultural Economists  aNovara: bCommittee for the World Atlas of Agriculture, c1973 aVol. 2 (Asia and Oceania; xi, 671p.) Vol. 3 (Americas; viii, 497p.) aAgriculture  aAtlas  2udccREF c42397d42397 00102udc406R_630844_K92708REF963120aNSLbNSLcGF/Rk-22/C-10/R-1d1975-09-09hVol. 2 (Asia and Oceania; xi, 671p.)l0oR 63(084.4) K9.2p65325r2023-06-12 00:00:00w1975-09-09yREF